<?xml version="1.0" encoding="UTF-8"?><marc:collection xmlns:marc="http://www.loc.gov/MARC21/slim">
  <marc:record>
    <marc:leader>00000nam  22000008a 4500</marc:leader>
    <marc:controlfield tag="001">9.803700</marc:controlfield>
    <marc:controlfield tag="003">CaOODSP</marc:controlfield>
    <marc:controlfield tag="005">20241203113638</marc:controlfield>
    <marc:controlfield tag="007">cr |||||||||||</marc:controlfield>
    <marc:controlfield tag="008">170210s2015    xxcb|||#o    f|0| 0 eng d</marc:controlfield>
    <marc:datafield tag="040" ind1=" " ind2=" ">
      <marc:subfield code="a">CaOODSP</marc:subfield>
      <marc:subfield code="b">eng</marc:subfield>
    </marc:datafield>
    <marc:datafield tag="043" ind1=" " ind2=" ">
      <marc:subfield code="a">n-cn---</marc:subfield>
    </marc:datafield>
    <marc:datafield tag="086" ind1="1" ind2=" ">
      <marc:subfield code="a">En4-83/2-2016E-PDF</marc:subfield>
    </marc:datafield>
    <marc:datafield tag="245" ind1="0" ind2="0">
      <marc:subfield code="a">CANUSPLAIN - Annex II to the Canada-United States Joint Inland Pollution Contingency Plan </marc:subfield>
      <marc:subfield code="h">[electronic resource] : </marc:subfield>
      <marc:subfield code="b">a plan for response to polluting incidents along the inland boundary between the provinces of Alberta, Saskatchewan, and Manitoba, Canada and the States of Minnesota, Montana and North Dakota, United States of America / </marc:subfield>
      <marc:subfield code="c">Environment Canada, Prairie &amp; Northern Region, Environmental Protection Agency, Regions 5 &amp; 8.</marc:subfield>
    </marc:datafield>
    <marc:datafield tag="260" ind1=" " ind2=" ">
      <marc:subfield code="a">Gatineau, Quebec : </marc:subfield>
      <marc:subfield code="b">Environment Canada, </marc:subfield>
      <marc:subfield code="c">2015.</marc:subfield>
    </marc:datafield>
    <marc:datafield tag="300" ind1=" " ind2=" ">
      <marc:subfield code="a">38 p. : </marc:subfield>
      <marc:subfield code="b">maps.</marc:subfield>
    </marc:datafield>
    <marc:datafield tag="500" ind1=" " ind2=" ">
      <marc:subfield code="a">Issued also in French under title: CANUSPLAIN - Annexe II du plan d'urgence bilatéral Canada-États-Unis en cas de pollution dans la zone frontalière intérieure.</marc:subfield>
    </marc:datafield>
    <marc:datafield tag="520" ind1=" " ind2=" ">
      <marc:subfield code="a">"The Canada–United States Joint Inland Pollution Contingency Plan (the “Inland Plan”), originally signed by theGovernment of Canada’s Minister of the Environment and the United States Environmental Protection Agency’s (U.S. EPA’s) Administrator in July 1994, and revised and signed in October 2009, sets forth cooperative measures for dealing with a release of a pollutant along the inland boundary of a magnitude that causes, or may cause, damage to the environment or constitutes a threat to public safety, security, health, welfare, or property"--Letter of Promulgation.</marc:subfield>
    </marc:datafield>
    <marc:datafield tag="692" ind1="0" ind2="7">
      <marc:subfield code="2">gccst</marc:subfield>
      <marc:subfield code="a">Pollution</marc:subfield>
    </marc:datafield>
    <marc:datafield tag="710" ind1="1" ind2=" ">
      <marc:subfield code="a">Canada. </marc:subfield>
      <marc:subfield code="b">Environment Canada.</marc:subfield>
    </marc:datafield>
    <marc:datafield tag="710" ind1="1" ind2=" ">
      <marc:subfield code="a">United States. </marc:subfield>
      <marc:subfield code="b">Environmental Protection Agency.</marc:subfield>
    </marc:datafield>
    <marc:datafield tag="775" ind1="0" ind2="8">
      <marc:subfield code="t">CANUSPLAIN - Annexe II du plan d'urgence bilatéral Canada-États-Unis en cas de pollution dans la zone frontalière intérieure </marc:subfield>
      <marc:subfield code="w">(CaOODSP)9.803701</marc:subfield>
    </marc:datafield>
    <marc:datafield tag="856" ind1="4" ind2="0">
      <marc:subfield code="q">PDF</marc:subfield>
      <marc:subfield code="s">5.55 MB</marc:subfield>
      <marc:subfield code="u">https://publications.gc.ca/collections/collection_2017/eccc/En4-83-2-2016-eng.pdf</marc:subfield>
    </marc:datafield>
  </marc:record>
</marc:collection>
